Chansons de Damso - Statistiques

Statistiques générales
  • Ce quiz a été pris 1 290 fois
    615 depuis la dernière actualisation
  • Le résultat moyen est 41 sur 91
Statistiques - réponses
Album Chansons % Correct
Ipséité Macarena
85%
Ipséité Mosaïque solitaire
74%
Batterie faible Autotune
73%
Ipséité Dieu ne ment jamais
72%
Batterie faible Amnésie
71%
Lithopédion Julien
67%
Ipséité Une âme pour deux
67%
QALF infinity MOROSE
66%
Ipséité Nwaar Is The New Black
64%
Batterie faible BruxellesVie
63%
Lithopédion Ipséité
63%
Batterie faible Monde
63%
Ipséité Signaler
63%
Lithopédion Feu de bois
62%
Ipséité Kietu
62%
Batterie faible Débrouillard
61%
Batterie faible Périscope
61%
J'AI MENTI. Alpha
60%
QALF infinity INTRO
58%
Ipséité Peur d'être père
58%
Ipséité J Respect R
57%
Batterie faible Graine de sablier
56%
Ipséité Lové
56%
QALF infinity DEUX TOILES DE MER
55%
Lithopédion Silence
55%
QALF infinity 911
54%
Lithopédion Smog
54%
Batterie faible Exutoire
53%
Ipséité Gova
52%
Ipséité Kin la belle
52%
Lithopédion 60 années
51%
Lithopédion Baltringue
51%
J'AI MENTI. Chrome
49%
Lithopédion William
49%
J'AI MENTI. Damsautiste
48%
QALF infinity VANTABLACK
48%
Ipséité #QuedusaalVie
47%
Batterie faible Beautiful
45%
Lithopédion Humains
45%
Ipséité Noob Saibot
45%
J'AI MENTI. Schéma
45%
QALF infinity BXL ZOO
44%
VIEUX SONS Comment faire un tube
44%
Lithopédion Festival de rêves
44%
QALF infinity THEVIE RADIO (interlude)
44%
Lithopédion Introduction
43%
QALF infinity THEVIE RADIO
43%
J'AI MENTI. Laisse-moi tranquille
42%
J'AI MENTI. 24h plus tôt
41%
QALF infinity COEUR EN MIETTES
40%
Batterie faible QuedelaVie
40%
Batterie faible Quotidien de baisé
40%
J'AI MENTI. Conséquences
39%
VIEUX SONS Cosmos
39%
Batterie faible Sombre
39%
QALF infinity 2 DIAMANTS
38%
J'AI MENTI. La rue est morte.
38%
QALF infinity LIFE LIFE
38%
J'AI MENTI. Tout tenter
38%
QALF infinity YOUVOI
38%
QALF infinity BPM
37%
J'AI MENTI. Mony
37%
QALF infinity CHIALER
36%
VIEUX SONS Ma putain
36%
Lithopédion Nmi
36%
Lithopédion Noir meilleur
36%
QALF infinity OG
36%
QALF infinity SENTIMENTAL
36%
VIEUX SONS Brouillard
35%
QALF infinity ZWAAR
35%
Lithopédion Aux paradis
34%
J'AI MENTI. Limbisa ngai
33%
QALF infinity MEVTR
33%
QALF infinity PASSION
33%
Lithopédion Perplexe
33%
QALF infinity ROSE MARTHE'S LOVE
31%
QALF infinity D'JA ROULÉ
30%
QALF infinity DOSE
30%
VIEUX SONS Ego
30%
Lithopédion Même issue
30%
QALF infinity VIVRE UN PEU
30%
VIEUX SONS Cinéaste
28%
QALF infinity FAIS ÇA BIEN
28%
Lithopédion Tard la Night
28%
QALF infinity POUR L'ARGENT
27%
VIEUX SONS Vagabond
26%
VIEUX SONS Blase
21%
VIEUX SONS Isoler
19%
VIEUX SONS Le talent ne suffit pas
18%
VIEUX SONS On n'est jamais mieux compris que par soi-même
17%
Lithopédion Dis leurres
14%
Aucun quiz correspondant
Distribution des résultats
% des personnes avec chaque résultat
Percentile par nombre de réponses
Votre historique - résultats
Vous n’avez pas pris ce quiz depuis la dernière actualisation